000 00254nam a22001217a 4500
082 _a891.4392
100 _aBano Qudsia
245 _aLagan Apni Apni
260 _aLahore
_bSang e Meel
_c2005.
300 _a248.p ;
500 _aHardcover.
942 _cBK
999 _c33104
_d33104